| 000 | 00543nam a2200205Ia 4500 | ||
|---|---|---|---|
| 003 | GCL | ||
| 008 | 140319s9999 xx 000 0 eng d | ||
| 020 | _a0808923064 | ||
| 040 |
_aGCL / _cGCL |
||
| 082 | 0 | 4 |
_a611 _bD A |
| 100 | 1 | _aDRAKE, RICHARD L . | |
| 245 | 1 | 0 |
_aANATOMY FOR STUDENTS / _cDRAKE, RICHARD L . |
| 700 | 1 | _aVOGL, WAYNE | |
| 260 |
_aنيويورك : _bELSEVIER SCIENCE LTD ، _c2005 |
||
| 300 |
_a24 CM ؛ _c1058 P |
||
| 650 | 0 | 4 | _aHUMAN BIOLOGY |
| 650 | 0 | 4 | _aMEDICAL SCIENCE |
| 650 | 0 | 4 | _aHUMAN - ANATOMY |
| 942 |
_2ddc _cBK |
||
| 999 |
_c7464 _d7464 |
||